The Agrarian system of Mughal India 1556-1707 (Record no. 106459)

MARC details
000 -LEADER
fixed length control field 00406nam a2200157Ia 4500
008 - FIXED-LENGTH DATA ELEMENTS--GENERAL INFORMATION
fixed length control field 230917s9999||||xx |||||||||||||| ||und||
040 ## - CATALOGING SOURCE
-- 54909
Original cataloging agency VIVEKANANDA LIBRARY
041 ## - Language
-- English
082 ## - DDC NUMBER
Classification number 954.025 H114A
100 ## - MAIN ENTRY--PERSONAL NAME
Personal name Habib, Irfan
245 #4 - TITLE STATEMENT
Title The Agrarian system of Mughal India 1556-1707
250 ## - EDITION STATEMENT
Edition statement 2nd, Rev ed.
260 ## - PUBLICATION, DISTRIBUTION, ETC. (IMPRINT)
Place of publication, distribution, etc Oxford
Name of publisher, distributor, etc University Press
Date of publication, distribution, etc 1999
300 ## - PHYSICAL DESCRIPTION
Pages xvi, 547 p.
942 ## - ADDED ENTRY ELEMENTS (KOHA)
Koha item type Books
Holdings
Withdrawn status Lost status Damaged status Not for loan Location (home branch) Sublocation or collection (holding branch) Date acquired Koha issues (times borrowed) Koha full call number Accession No. Koha date last seen Koha item type
        VIVEKANANDA LIBRARY VIVEKANANDA LIBRARY 19/12/2002   954.025 H114A 192138 17/09/2023 Books
        VIVEKANANDA LIBRARY VIVEKANANDA LIBRARY 19/12/2002   954.025 H114A 192139 17/09/2023 Books
        VIVEKANANDA LIBRARY VIVEKANANDA LIBRARY 19/12/2002 1 954.025 H114A 225219 27/03/2026 Books
        VIVEKANANDA LIBRARY VIVEKANANDA LIBRARY 19/12/2002 1 954.025 H114A 225220 01/04/2026 Books
        VIVEKANANDA LIBRARY VIVEKANANDA LIBRARY 19/12/2002   954.025 H114A 290213 17/09/2023 Books
© Designed and Maintained by Vivekananda Library, MDU Rohtak